| 000 | 01084nam a2200205 a 4500 | ||
|---|---|---|---|
| 008 | 120921s2003 ||||||||||||||||| || u | ||
| 020 | _a9241546093 | ||
| 050 | _aRT 399.M26 GUI | ||
| 100 | _aAshworth, Ann | ||
| 245 | 1 | 0 |
_aGuidelines for the inpatient treatment of severely malnourished children _cby Ann Ashworth, Sultana Khanum, alan Jackson and Claire Schofield |
| 260 |
_aGeneva: _bWHO _c2003 |
||
| 300 | _a48p.: ill. | ||
| 500 | _aOrange Trunk Library Collection (WHO). | ||
| 650 | _aMALNUTRITION--THERAPY--CHILD | ||
| 650 | _aSTARVATION--TREATMENT--HANDBOOKS, MANUALS, ETC | ||
| 650 | _aMALNUTRITION IN CHILDREN--TREATMENT--DEVELOPING COUNTRIES | ||
| 710 | _aWorld Health Organization (WHO) | ||
| 995 |
_aMEDICAL LIBRARY OPEN ACCESS _e901854 _FCBU-SCHOOL OF MEDICINE LIBRARY (Ndola) _jOTL RT 399.M26 GUI _M1 _UAVAILABLE _WOct 17, 2012 _y901854 _ZMedical Library Open Access Collection |
||
| 995 |
_aMEDICAL LIBRARY OPEN ACCESS _e901906 _FCBU-SCHOOL OF MEDICINE LIBRARY (Ndola) _jOTL RT 399.M26 GUI (BOX 7) _M2 _UAVAILABLE _WOct 25, 2012 _y901906 _ZMedical Library Open Access Collection |
||
| 999 |
_c63927 _d63927 |
||